| 000 | 00000nam 2200000zi 4500 |
| 001 | 9.944741 |
| 003 | CaOODSP |
| 005 | 20250107113156 |
| 006 | m o d f |
| 007 | cr cn||||||||| |
| 008 | 241031t20242024onc ob f000 0 fre d |
| 020 | |a9780660742878 |
| 040 | |aCaOODSP|bfre|erda|cCaOODSP |
| 043 | |an-cn--- |
| 086 | 1 |aH14-643/2024F-PDF |
| 245 | 00|aEnquête sur la couverture vaccinale saisonnière des enfants (ECVSE), 2024 : |brapport méthodologique / |cpréparé pour l'Agence de santé publique du Canada. |
| 264 | 1|a[Ottawa] : |bAgence de la santé publique du Canada = Public Health Agency of Canada, |c2024. |
| 264 | 4|c©2024 |
| 300 | |a1 ressource en ligne (67 pages) + |esommaire exécutif (5 pages non numérotées) |
| 336 | |atexte|btxt|2rdacontent/fre |
| 337 | |ainformatique|bc|2rdamedia/fre |
| 338 | |aressource en ligne|bcr|2rdacarrier/fre |
| 500 | |aPublié aussi en anglais sous le titre : Childhood Seasonal Immunization Coverage Survey (CSICS), 2024 : methodological report. |
| 500 | |a« Nom du fournisseur : Advanis Inc. » |
| 500 | |a« Numéro de contrat : 6D142-23-5582. » |
| 500 | |a« Date de livraison : 24 octobre 2024. » |
| 500 | |a« Numéro d'enregistrement : POR 131-23. » |
| 504 | |aComprend des références bibliographiques. |
| 650 | 6|aEnfants|xVaccination|zCanada|xOpinion publique. |
| 650 | 6|aCOVID-19|xVaccination|zCanada|xOpinion publique. |
| 650 | 6|aGrippe|xVaccination|zCanada|xOpinion publique. |
| 650 | 6|aParents|zCanada|xAttitudes. |
| 650 | 6|aOpinion publique|zCanada. |
| 710 | 2 |aAgence de santé publique du Canada, |eorganisme de publication. |
| 710 | 2 |aAdvanis (Firme), |econsultant. |
| 775 | 08|tChildhood Seasonal Immunization Coverage Survey (CSICS), 2024 : |w(CaOODSP)9.944740 |
| 856 | 40|qPDF|s1.83 Mo|uhttps://publications.gc.ca/collections/collection_2025/aspc-phac/H14-643-2024-fra.pdf|zRapport méthodologique |
| 856 | 40|qPDF|s269 Ko|uhttps://publications.gc.ca/collections/collection_2025/aspc-phac/H14-643-2024-1-fra.pdf|zSommaire exécutif |
| 856 | 4 |qHTML|sS.O.|uhttps://epe.bac-lac.gc.ca/100/200/301/pwgsc-tpsgc/por-ef/public_health_agency_canada/2024/131-23-f/131-23-rapport.html|zRapport méthodologique |
| 856 | 4 |qHTML|sS.O.|uhttps://epe.bac-lac.gc.ca/100/200/301/pwgsc-tpsgc/por-ef/public_health_agency_canada/2024/131-23-f/sommaire/131-23-sommaire.html|zSommaire exécutif |